000 nam a22 7a 4500
999 _c8349
_d8349
008 180111b ||||| |||| 00| 0 eng d
100 _94764
_aVERMA.N.K ET AL
245 _aPRACTICAL CHEMISTRY -XI
260 _aNEW DELHI
_bLAXMI PUB
_c2012